| 000 | 00757nam a2200241 a 4500 | ||
|---|---|---|---|
| 001 | 000019434 | ||
| 005 | 20200929170021.0 | ||
| 008 | 100629s2004 sp ac 000 0 spa d | ||
| 020 | _a8497646789 | ||
| 040 |
_aDO-SdBNP _bspa _cBNPHU |
||
| 082 |
_a923.8 _bP695C |
||
| 100 | 1 |
_aCastaño García, Teba _941717 |
|
| 245 | 1 | 0 |
_aPizarro / _cTeba Castaño García. |
| 260 |
_aMadrid : _bEdimat Libros, _c2004. |
||
| 300 |
_a190 p. : _bil. ; retrs. ; _c22 cm. |
||
| 490 | 1 | _aGrandes biografías | |
| 500 | _aIncluye notas al pie de páginas | ||
| 504 | _aIncluye bibliografías [p. 187-188] | ||
| 600 | 1 | 4 |
_aPIZARRO, FRANCISCO, _d1477-1541 _941718 |
| 650 | 4 |
_aExploradores _zEspaña _xBiografías _91642 |
|
| 830 | 0 |
_aGrandes biografías _911230 |
|
| 049 | _aBNPD | ||
| 999 |
_c18950 _d18950 |
||